00837nam a2200181Ia 4500999001500000003000900015005001700024008004100041040002800082090002100110110006300131245014000194260008000334300004400414650003600458942001200494952014900506 c2701d2701DO-SdBJH20180416224447.0180414s9999 dr 000 0 spa d aDO-SdBJHbspacDO-SdBJH aDM FM 63-3 1982 aInstituto de Cooperación para la Seguridad Hemisférica10aFM 63-3 Operaciones de apoyo de servicio de combate- cuerpo del Ejército / Instituto de Cooperación para la Seguridad Hemisférica aFuerte Benning, Georgia : Cuartel General Secretaría del Ejército, 1982 av, 770 páginas en varias paginaciones 4aOperaciones de apoyo -- Combate 2ddccBK 00102ddc40708DMaBEGEMbBEGEMcGENd2018-04-14i18-EERD-01099l0oDM FM 63-3 1982p18-EERD-01099r2018-04-14 00:00:00tEj.1w2018-04-14yBK